初级日本语会话 (Record no. 53971)

000 -LEADER
fixed length control field 00447nam a22001817a 4500
003 - CONTROL NUMBER IDENTIFIER
control field MPLRDC
005 - DATE AND TIME OF LATEST TRANSACTION
control field 20220104154417.0
008 - FIXED-LENGTH DATA ELEMENTS--GENERAL INFORMATION
fixed length control field 210129b ||||| |||| 00| 0 eng d
020 ## - INTERNATIONAL STANDARD BOOK NUMBER
International Standard Book Number 9971-907-30-5
082 ## - DEWEY DECIMAL CLASSIFICATION NUMBER
Classification number 803.188 HAYA c.2
100 ## - MAIN ENTRY--PERSONAL NAME
Personal name KENTAROU HAYASHI
245 ## - TITLE STATEMENT
Title 初级日本语会话
Statement of responsibility, etc.
250 ## - EDITION STATEMENT
Edition statement 四版
260 ## - PUBLICATION, DISTRIBUTION, ETC.
Place of publication, distribution, etc.
Name of publisher, distributor, etc. 智力出版社
Date of publication, distribution, etc. 1989
300 ## - PHYSICAL DESCRIPTION
Other physical details
650 ## - SUBJECT ADDED ENTRY--TOPICAL TERM
Topical term or geographic name entry element 日语会话读本
942 ## - ADDED ENTRY ELEMENTS (KOHA)
Koha item type Book
-- 803.188 HAYA c.2
Holdings
Withdrawn status Lost status Source of classification or shelving scheme Damaged status Not for loan Collection code Home library Current library Shelving location Date acquired Cost, normal purchase price Total Checkouts Total Renewals Full call number Barcode Date last seen Date last checked out Price effective from Koha item type Public note
            Malaysian Public Library, Research and Development Centre Malaysian Public Library, Research and Development Centre   10/12/2007 0.00   1 803.188 HAYA c.2 00054153 18/03/2021 25/03/2011 18/03/2021 Book mplrdc

© 2022. Malaysian Public Library, Research and Development Centre. All Right ReservedE-mailmplrdc@help.edu.my 

Powered by Koha